« Retourner aux résultats de recherche
Tout ça finira mal
| Auteur principal: | Tan |
|---|---|
| D'autres auteurs: | Miss Prickly |
| Support: | Livres |
| Langue: | Francais |
| Publié: |
DL 2012 Tourbillon Paris |
| Series: |
Mortelle Adèle |
| Genre: |
Bande Dessinée enfant ado |
| Collection: |
Mortelle Adèle |
| Sujets: | |
| Étiquettes: |
Ajouter
Pas de Tags !
|
| LEADER | 00889nam0a2200241 450 | ||
|---|---|---|---|
| 001 | 16823325 | ||
| 010 | |a 978-2-84801-867-6 |b br |d 11,5 | ||
| 100 | |a 20151203d2026 u u0frey01 ba | ||
| 101 | 0 | |a fre | |
| 102 | |a FR | ||
| 200 | 0 | |a Tout ça finira mal |f Tan, Miss Prickly |g dessins Miss Prickly | |
| 205 | |a Nouvelle édition | ||
| 207 | 1 | |a | |
| 210 | |a Paris |c Tourbillon |d DL 2012 | ||
| 215 | |a 1 vol. (93 p.) |c ill. en coul., couv. ill. en coul. |d 20 cm | ||
| 225 | 1 | |a Mortelle Adèle |v 1 | |
| 330 | |a La petite Adèle passe son temps à traumatiser son entourage, de ses parents à son ami imaginaire Magnus. | ||
| 461 | 0 | |t Mortelle Adèle |v 1 | |
| 700 | 0 | |a Tan |f 1981-.... |4 70 | |
| 701 | 0 | |a Miss Prickly |f 1983?-.... |4 70 | |
| 900 | |a Bande Dessinée enfant ado | ||
| 901 | |a Accessible au prêt | ||
| 995 | |a Bibliothèque |c Bibliothèque |f 024025434 |h 024025434 |k BD TAN |o p |q j |r az |e Bibliothèque | ||
